| 000 | 01227aam a2200373 i 4500 | ||
|---|---|---|---|
| 001 | 1135350305 | ||
| 003 | OCoLC | ||
| 005 | 20250905015946.0 | ||
| 008 | 200109s2020 nyub 000 1 eng d | ||
| 020 |
_a9781250251923 _q(paperback) |
||
| 020 |
_a1250251923 _q(paperback) |
||
| 035 | _a(OCoLC)1135350305 | ||
| 040 |
_aZQP _beng _erda _cZQP _dOCLCF _dGK8 _dJCH _dTnLvILS |
||
| 100 | 1 |
_aJordan, Robert, _d1948-2007, _eauthor. |
|
| 245 | 1 | 4 |
_aThe shadow rising / _cRobert Jordan. |
| 250 | _aFirst premium mass market edition. | ||
| 264 | 1 |
_aNew York : _bTOR, _c2020. |
|
| 264 | 4 | _c©ł992. | |
| 300 |
_a1037 pages : _bmap ; _c24 cm. |
||
| 336 |
_atext _btxt _2rdacontent. |
||
| 337 |
_aunmediated _bn _2rdamedia. |
||
| 338 |
_avolume _bnc _2rdacarrier. |
||
| 490 | 1 |
_aThe Wheel of time ; _vBook four. |
|
| 500 | _a"A Tom Doherty Associates book." | ||
| 500 | _aIncludes a preview of: The fires of heaven. | ||
| 500 | _a"Tor fantasy"--Spine. | ||
| 650 | 0 |
_aRand al'Thor (Fictitious character) _vFiction. |
|
| 650 | 0 |
_aGood and evil _vFiction. |
|
| 655 | 7 |
_aFantasy fiction. _2lcgft. |
|
| 655 | 7 |
_aNovels. _2lcgft. |
|
| 800 | 1 |
_aJordan, Robert, _d1948-2007. _tWheel of time ; _vbk. 4. |
|
| 907 | _a.b457567442 | ||
| 942 | _cBK | ||
| 999 |
_c31127 _d31125 |
||